Lo que los jóvenes preguntan : (Registro nro. 9040)

Detalles MARC
000 -LIDER
fixed length control field 00769nam a22002417a 4500
001 - NÚMERO DE CONTROL
Identificador de número de control 00260
003 - IDENTIFICACDOR DE NÚMERO DE CONTROL
control field DO-SdBNP
005 - DATE AND TIME OF LATEST TRANSACTION
control field 20180126131912.0
008 - ELEMENTOS DE LONGITUD FIJA
fixed length control field 151208b 2006 mx xxu||||| |||| 00| 0 spa d
020 ## - ISBN
International Standard Book Number 9687260955
040 ## - FUENTE DE CATALOGACIÓN
Agencia que crea de manera original el registro BPMSU
Idioma de catalogación spa
Agencia que realiza la transcripción BPMSU
092 ## - LOCALLY ASSIGNED DEWEY DECIMAL CALL NUMBER
Número de clasificación xxxxx
Número de ítem (Cutter) xxxxx
100 ## - ASIENTO PRINCIPAL -- NOMBRE PERSONAL
Nombre personal Franz, F.W.
240 10 - TITULO UNIFORME
Título uniforme Questions young people ask : anwers that work.
Idioma de una obra Español.
245 10 - MENCIÓN DE TITULO
Título Lo que los jóvenes preguntan :
Subtítulo respuestas prácticas /
Mención de responsabilidad F.W. Franz.
250 ## - MENCIÓN DE EDICION
Mención de edición 2ª. reimpr.
260 ## - PUBLICACIÓN, DISTRIBUCIÓN, ETC. (PIE DE IMPRENTA)
Lugar de publicación, distribución, etc México :
Nombre del editor, distribuidor, etc. La Torre del Vígia,
Fecha de publicación, distribución, etc 2006.
300 ## - DESCRIPCIÓN FÍSICA
Extensión 319 p. :
Otros detalles físicos il., retrs. ;
Dimensiones 18 cm.
500 ## - NOTA GENERAL
Nota general Segunda reimpresión de la primera edición del 1989.
942 ## - ADDED ENTRY ELEMENTS (KOHA)
Source of classification or shelving scheme Dewey Decimal Classification
Koha item type Libros
945 ## - INFORMACIÓN DE PROCESAMIENTO LOCAL
Información de procesamiento local Inventariado, 2018 / BT
956 ## - LOCAL ELECTRONIC LOCATION AND ACCESS (OCLC)
Nombre de host Lorenza Pérez
Número de acceso 10
Existencias
Withdrawn status Lost status Source of classification or shelving scheme Damaged status Not for loan Collection code Home library Current library Date acquired Source of acquisition Total Checkouts Barcode Date last seen Price effective from Koha item type
    Dewey Decimal Classification     Colección Juvenil General Biblioteca Pública Metropolitana Salomé Ureña Biblioteca Pública Metropolitana Salomé Ureña 12/08/2015 Almadita Medina   BPMSU15120072 12/08/2015 12/08/2015 Libros